Bundesliga 2022/23 Quiz - Statistiken

Allgemein
  • Dieses Quiz wurde 202 mal gespielt
  • Das Durchschnittsergebnis liegt bei 6 aus 10
Antwortstatistiken
Frage Antwort % Korrekt
Welcher Club hätte beinahe Isco von Real Madrid verpflichtet? 1. FC Union Berlin
100%
Die Aufsteiger waren der FC Schalke 04 und... der SV Werder Bremen
100%
Gegen wen gewann der VfB Stuttgart die Relegation, insgesamt mit 6:1? Hamburger SV
89%
Wie hieß das kleinste Stadion der Saison 2022/23? Stadion an der alten Försterei
78%
Welcher Verein vertrat die Bundesliga als einzig deutscher Verein in der Europa Conference League? 1. FC Köln
56%
Welcher Club war zum Start der Rückrunde Schlusslicht? FC Schalke 04
56%
In welcher Stadt hatte der FC Bayern München am ersten Spieltag den Saisonauftakt? Frankfurt am Main
44%
Thomas Reis musste nach 6 Auftaktniederlagen und einer 1:3 Niederlage auf Schalke als zweiter Trainer die Koffer packen. Welcher Trainer flog früher? Dominico Tedesco
22%
Wie viele deutsche Clubs starteten in der Champions League 2022/23? 5
11%
Welcher Trainer wurde aufgrund einer 0:2 Pleite in Porto in der Champions League am 05.10.2022 entlassen? Gerardo Seoane
0%
Keine übereinstimmenden Quizze gefunden
Verteilung der Resultate
Anzahl Personen mit jedem Resultat
Perzentil nach korrekt beantworteten Fragen
Ihre Resultats-Entwicklung
Sie haben dieses Quiz noch nicht gespielt